GETS Theological Seminary Library

主教任命制的历史嬗变及其对国际关系的影响 (Record no. 31325)

MARC details
000 -LEADER
fixed length control field 00738nam a2200205Ia 4500
008 - FIXED-LENGTH DATA ELEMENTS--GENERAL INFORMATION
fixed length control field 201124s9999||||xx |||||||||||||| ||und||
020 ## - INTERNATIONAL STANDARD BOOK NUMBER
International Standard Book Number 7518803100
020 ## - INTERNATIONAL STANDARD BOOK NUMBER
International Standard Book Number 9787518803101
041 ## - LANGUAGE CODE
Language code of text/sound track or separate title chi
050 ## - LIBRARY OF CONGRESS CALL NUMBER
Classification number BV664
Item number .L585 2017
100 ## - MAIN ENTRY--PERSONAL NAME
Personal name 刘金光
245 #0 - TITLE STATEMENT
Title 主教任命制的历史嬗变及其对国际关系的影响
Remainder of title /
Statement of responsibility, etc. 刘金光
246 ## - VARYING FORM OF TITLE
Title proper/short title 主教任命制的歷史嬗變及其對國際關系的影響
260 ## - PUBLICATION, DISTRIBUTION, ETC.
Place of publication, distribution, etc. 北京:
Name of publisher, distributor, etc. 宗教文化出版社,
300 ## - PHYSICAL DESCRIPTION
Extent 5, 3, 14, 2, 3, 4, 3, 5, 302 p.
Other physical details ;
Dimensions 24 cm.
490 ## - SERIES STATEMENT
Series statement 基督教中国化研究丛书
650 ## - SUBJECT ADDED ENTRY--TOPICAL TERM
Topical term or geographic name entry element Bishops -- Appointment, call, and election -- History.
650 ## - SUBJECT ADDED ENTRY--TOPICAL TERM
Topical term or geographic name entry element Catholic Church -- Bishops -- Appointment, call, and election.
Holdings
Withdrawn status Lost status Damaged status Not for loan Home library Current library Shelving location Date acquired Total Checkouts Full call number Barcode Date last seen Price effective from Koha item type
        GETS Theological Seminary Library GETS Theological Seminary Library General Stacks 11/24/2020   BV664 .L585 2017 00018912 11/24/2020 11/24/2020 Chinese Book
OpacCredits

Contact the Librarian, GETS Library
Email: library@mygets.org









Implemented by GETS Library
(Powered by ETCA Professional Group)
GETS Theological Seminary
412 E. Rowland Street, CA 91723